| 000 | 00000nam 2200000zi 4500 |
| 001 | 9.921351 |
| 003 | CaOODSP |
| 005 | 20240517090518 |
| 006 | m o d f |
| 007 | cr mn||||||||| |
| 008 | 230328t20232023oncab ob f000 0 eng d |
| 020 | |a9780660482194 |
| 040 | |aCaOODSP|beng|erda|cCaOODSP |
| 043 | |an-cn--- |
| 086 | 1 |aFs154-52/1-2023E-PDF |
| 245 | 04|aThe Canadian aids to navigation system / |cAids to Navigation Program, Canadian Coast Guard. |
| 250 | |a2023 edition. |
| 264 | 1|aOttawa, Ontario, Canada : |bCanadian Coast Guard = Garde côtière canadienne, |c2023. |
| 264 | 4|c©2023 |
| 300 | |a1 online resource (viii, 83 pages) : |billustrations (chiefly colour), colour map |
| 336 | |atext|btxt|2rdacontent |
| 337 | |acomputer|bc|2rdamedia |
| 338 | |aonline resource|bcr|2rdacarrier |
| 500 | |aIssued also in French under title: Le système canadien d'aides à la navigation. |
| 500 | |a"This edition replaces the 2011 edition as the new standard for aids to navigation in Canada"--Preface, page 1. |
| 504 | |aIncludes bibliographical references. |
| 520 | |a"Aids to Navigation (AtoN) are devices or systems, external to a vessel, which are provided to assist mariners in determining position and course, to warn of dangers or obstructions or to advise of the location of the best or preferred route. … This aids to navigation (AtoN) reference publication is intended for a broad audience engaged in the maritime domain. It provides guidance: 1. to Canadian and international navigators using or planning on using Canadian AtoN to navigate safely in Canadian waters; 2. on AtoN interpretation, purposes and characteristics; 3. to quickly reference publications and legislation related to AtoN. …"--Introduction, page 2. |
| 650 | 0|aAids to navigation|zCanada. |
| 655 | 7|aReference works|2lcgft |
| 710 | 2 |aCanadian Coast Guard. |bAids to Navigation, |eissuing body. |
| 775 | 08|tLe système canadien d'aides à la navigation / |w(CaOODSP)9.921353 |
| 776 | 0#|tThe Canadian aids to navigation system.|w(CaOODSP)9.921352 |
| 795 | |tThe Canadian aids to navigation system |b(2011 edition)|w(CaOODSP)9.849683 |
| 856 | 40|qPDF|s11.42 MB|uhttps://publications.gc.ca/collections/collection_2024/mpo-dfo/Fs154-52-1-2023-eng.pdf |
| 856 | 4 |qHTML|sN/A|uhttps://www.ccg-gcc.gc.ca/publications/maritime-security-surete-maritime/aids-aides-navigation/index-eng.html |